| 000 | 01287cam a22002775a 4500 | ||
|---|---|---|---|
| 001 | L140134 | ||
| 008 | 070905s2007 xxka f 000 0 eng d | ||
| 020 | _a9781860819582 | ||
| 035 | _a(Sirsi) u140134 | ||
| 041 | 0 | _aeng | |
| 050 | 0 | 4 | _a696.182 $2 18 |
| 100 | 1 | _aWhite, M. K. | |
| 245 | 0 | 0 |
_aSelf-sealing waste valves for domestic use _ban assessment |
| 260 |
_aGarston _bIHS BRE _c2007 |
||
| 300 |
_a8p. _bill. _c30cm. |
||
| 490 | 0 |
_aBRE Information Paper _vIP 8/07 |
|
| 520 | _aPresents the results of a programme of laboratory and field testing, assessing the performance of self-sealing waste valves under a range of operating conditions. Summarises the main features of the valve, and illustrates its suitability for use as a waste valve for sanitary appliances, and also as an air-admittance valve for domestic buildings. The guidance has been revised to cover new developments in available products and the references incorporate revised and new standards. | ||
| 520 | _aSupersedes IP 5/05 (ISBN 1860817467). | ||
| 590 | _aKA | ||
| 651 | 4 |
_aUnited Kingdom _y |
|
| 690 | _aBUILT ENVIRONMENT-BUILDING SERVICES-BUILDING SERVICES ENGINEERING-PLUMBING | ||
| 700 | 1 | _aGriggs, J. C. | |
| 700 | 1 | _aSutcliffe, S. | |
| 710 | 2 | _aBuilding Research Establishment | |
| 942 | _n0 | ||
| 999 |
_c107434 _d107434 |
||